Kraje z dzikimi kangurami - Statystyki

Ogólne statystyki
  • Ten quiz został rozwiązany 182 razy
  • Średni wynik to 5 z 6
Statystyki odpowiedzi
Kontynent Kraj % Poprawnych
Oceania Australia
99%
Oceania Nowa Zelandia
97%
Azja Indonezja
91%
Oceania Papua-Nowa Gwinea
84%
Azja Timor Wschodni
58%
Oceania Wyspy Salomona
56%
Nie znaleziono quizów pasujących do podanych kryteriów
Rozkład punktacji
Procent ludzi z każdym wynikiem
Percentyl według liczby udzielonych odpowiedzi
Twoja historia wyników
Nie rozwiązałeś tego quizu